Capitales qui commencent et finissent par la même lettre - Statistiques

Statistiques générales
  • Ce quiz a été pris 35 fois
    33 depuis la dernière actualisation
  • Le résultat moyen est 27 sur 40
Statistiques - réponses
Hint Réponse % Correct
A/A Abuja/Accra/Addis-Abeba/Ankara/Apia/Asmara/Astana/Avarua
96%
M/O Malabo/Maputo/Mexico/Mogadiscio/Monaco/Montevideo/Majuro
85%
B/K Bangkok/Bichkek
81%
D/i Dili/Djibouti
81%
L/E La Havane/La Valette/Le Caire/Libreville/Lilongwe/Lisbonne/Lomé
81%
W/N Washington/Wellington
81%
B/A Bogota/Brasilia/Bratislava
77%
B/T Bucarest/Budapest/Beyrouth
77%
P/A Panama/Podgorica/Port-Vila/Praia/Prétoria
77%
V/E Varsovie/Vienne/Vientiane
77%
A/N Aden/Amman/Asuncion
73%
B/N Bandar Seri Begawan/Belmopan/Berlin/Bloemfontein/Bridgetown
73%
B/E Basseterre/Belgrade/Berne/Brazzaville
73%
K/A Kampala/Kinshasa
73%
S/O Santiago/Sarajevo
73%
B/S Bruxelles/Buenos Aires
69%
D/A Dacca/Djouba/Dodoma/Doha
69%
H/i Hanoï/Helsinki
69%
L/A Lima/Ljubljana/Luanda/Lusaka
69%
N/i Nairobi/New Delhi
69%
P/S Paris/Port-Louis
69%
S/E Saint-Domingue/San José/São Tomé/Skopje/Sri Jayawardenapura Kotte /Sucre
69%
M/A Managua/Manama/Monrovia
65%
M/U Maseru/Moscou
65%
M/K Melekeok/Minsk
65%
P/O Paramaribo/Porto-Novo
65%
P/E Port-au-Prince/Port-d’Espagne/Prague
65%
T/A Tegucigalpa/Tirana
65%
G/A Gitega/Guatemala
62%
M/E Malé/Mbabane/Manille/Mascate
62%
N/A N’Djamena/Nukuʻalofa/Nusantara
58%
S/A Sanaa/Sofia/Suva
58%
T/i Tbilissi/Tripoli
58%
A/i Abou Dabi/Alofi
54%
B/U Bakou/Bissau
54%
C/S Caracas/Castries
54%
K/N Kingston/Kingstown
54%
S/R San Salvador/Singapour
54%
T/N Tallinn/Téhéran
54%
S/S Saint John's/Saint-Georges
31%
Aucun quiz correspondant
Distribution des résultats
% des personnes avec chaque résultat
Percentile par nombre de réponses
Votre historique - résultats
Vous n’avez pas pris ce quiz depuis la dernière actualisation